| 000 | 00671nam a2200193 i 4500 | ||
|---|---|---|---|
| 001 | 138538 | ||
| 003 | ES-MaACL | ||
| 005 | 20230906195602.0 | ||
| 007 | t| | ||
| 008 | 070214s1964 sp r ||||1| spa d | ||
| 100 | 1 |
_aSans Rosselló, Elviro. _9103208 |
|
| 245 | 1 | 0 |
_aGrandeza y decadencia de los almorávides mallorquines _b: (1116-1237) / _cElviro Sans Rosselló ; prólogo de Juan Pons y Marqués. |
| 260 |
_aPalma de Mallorca : _bCort, _c1964. |
||
| 300 |
_a236 p. ; _c20 cm. |
||
| 650 | 4 |
_aAlmorávides- _zMallorca. _9165595 |
|
| 651 | 4 |
_aMallorca- _xHistoria. _99016 |
|
| 700 | 1 |
_aPons i Marquès, Joan ( _d1894-1971) _9172863 |
|
| 852 |
_aES-MaACL _j56225 _bR.27087 |
||
| 999 |
_c138538 _d138538 |
||